Tabiat Membaca Bermula Dari Pusat Sumber

Bibliographic Details
Main Author: Norhaida Rizal (Author)
Format: Book
Published: Pulau Pinang : Golden Books Distributors 2022
Series:Pusat Sumber dan Dunia Perbukuan
Subjects:

MARC

LEADER 00000cam a2200000 7i4500
001 0000298553
005 20241025161119.0
006 aa# j### ###
007 t
008 220224t20222022my a j may
020 |a 9789672374442 
040 |a MBPJ   |b eng   |c MBPJ   |e rda 
090 0 0 |a 027.8   |b NOR 
100 1 |a Norhaida Rizal ,   |e author 
245 1 0 |a Tabiat Membaca Bermula Dari Pusat Sumber   |c Norhaida Rizal 
264 1 |a Pulau Pinang :   |b Golden Books Distributors   |c 2022 
264 4 |c ©2022 
300 |a 40 pages :   |b colour illustrations ;   |c 26 cm. 
336 |a still image  |2 rdacontent 
336 |a text  |2 rdacontent 
337 |a unmediated  |2 rdamedia 
338 |a volume  |2 rdacarrier 
490 0 |a Pusat Sumber dan Dunia Perbukuan 
650 0 |a Book Industries and trade 
650 0 |a Reading interests 
650 0 |a Resource programs (Education) 
999 |a 00398790   |b BUKU   |c JUNIOR BOOKS   |e PERPUSTAKAAN KOMUNITI CAW KOTA DAMANSARA 
999 |a 00401046   |b BUKU   |c JUNIOR BOOKS   |e PERPUSTAKAAN KOMUNITI CAW BANDAR UTAMA